| 000 | 00848nam a2200229Ia 4500 | ||
|---|---|---|---|
| 003 | GCL | ||
| 008 | 140319s9999 xx 000 0 ara d | ||
| 020 | _a0208105977 | ||
| 040 |
_aGCL / _cGCL |
||
| 082 | 0 | 4 |
_a704.9426 _bع ف |
| 100 | 1 | _aعفاف احمد محمد فراج | |
| 245 | 1 | 0 |
_aالفن وذوى الاحتياجات الخاصة / _cعفاف احمد محمد فراج |
| 700 | 1 | _aنهى مصطفى محمد عبد العزيز | |
| 260 |
_aالقاهرة : _bمكتبة الانجلوالمصرية ، _c2004 |
||
| 300 |
_a246ص ؛ _c27سم |
||
| 650 | 0 | 4 | _aالمعوقون |
| 650 | 0 | 4 | _aالمعوقون - رعاية وعلاج |
| 650 | 0 | 4 | _aالمعوقون - العلاج بالفن |
| 650 | 0 | 4 | _aالمعوقون - تربية فنيه |
| 650 | 0 | 4 | _aالفنون التشكيليه والمعوقون |
| 942 |
_2ddc _cBK |
||
| 999 |
_c46078 _d46078 |
||